00890nam a22001937a 450000500170000000800410001702000180005804000070007604100080008308200270009110000210011824500330013926000530017230000240022536500640024952002990031365000690061270000150068120240315153814.0240301b ||||| |||| 00| 0 eng d a9780367498436 cAL aeng 223a808.06674692bMANF aClaudia B Manley aFashion writing b: a primer aLondonbRoutledge Taylor and Francis Groupc2023 a172p.bPBc26x16cm. 2Generala7739b₹2727.00c₹d₹3635.50e25%f15/02/2024 aActing as a comprehensive primer for the field of fashion writing, this book provides an accessible entry point for readers from diverse backgrounds, giving them a clear understanding of the intricacies of fashion writing, the outlets in which it appears, and the possibilities beyond the page. 2 Rhetoric and anthologiesaWriting about the arts and leisure aSlone, Abi